Fr. Conceicao Rodrigues College of Engineering

1000 solved problems in Fluid Mechanics (Record no. 30428)

MARC details
000 -LEADER
fixed length control field 00375nam a2200169Ia 4500
082 ## - DEWEY DECIMAL CLASSIFICATION NUMBER
Classification number 532
Item number SUB
100 ## - MAIN ENTRY--PERSONAL NAME
Personal name Subramanya/K
245 ## - TITLE STATEMENT
Title 1000 solved problems in Fluid Mechanics
260 ## - PUBLICATION, DISTRIBUTION, ETC.
Name of publisher, distributor, etc. MCGRAW HILL PUBL.
Date of publication, distribution, etc. 2005
366 ## - TRADE AVAILABILITY INFORMATION
Publishers's discount category 25
300 ## - PHYSICAL DESCRIPTION
Extent 456
546 ## - LANGUAGE NOTE
Language note ENGLISH
-- Info.Tech
650 ## - SUBJECT ADDED ENTRY--TOPICAL TERM
Topical term or geographic name entry element Mechanics
654 ## - SUBJECT ADDED ENTRY--FACETED TOPICAL TERMS
Focus term fluid mechanics
942 ## - ADDED ENTRY ELEMENTS (KOHA)
Koha item type BOOK
Holdings
Withdrawn status Lost status Damaged status Not for loan Collection Home library Current library Date acquired Source of acquisition Cost, normal purchase price Inventory number Total Checkouts Full call number Barcode Date last seen Cost, replacement price Price effective from Koha item type
        CRC Fr. Agnel's C.Rodrigues College of Engineering Fr. Agnel's C.Rodrigues College of Engineering 17/03/2023 Book Base 299.25 9633 dt 28/04/2010   532 SUB 20563 17/03/2023 399.00   BOOK